000 00730nam a2200241Ia 4500
003 OSt
005 20220923221244.0
006 a|||||r|||| 00| 0
007 ta
008 220922b |||||||| |||| 00| 0 hin d
024 _a195,997
037 _cTextual
040 _aARTS
_cARTS
_bhin
041 _2hin
_ahin
082 _aP15,3, 152L5(EPH)
100 _aपाण्डेय, अमरनाथ
245 0 _aशब्द विमर्श
246 _aShabda vimarsha
260 _aवारााणसी
_b मनीशा प्रका0
_c1973
300 _a118पृ.
_ccm.
942 _hP15,3, 152L5(EPH)
_cTEXL
_2CC
999 _c348088
_d348088